000 00491nam a2200205Ia 4500
003 OSt
005 20230508062736.0
008 210423s1999 xx 000 0 und d
040 _cAL
041 _aeng
082 _a302.3
_223
_bFORG
100 _aFORSYTH (Donelson R).
_999689
245 _aGroup dynamics.
250 _a3
260 _aNew Delhi
_bWordsworth
_c1999
365 _b693
_cINR
650 _aSocial Interaction
_999690
906 _adynamics. ; Group
942 _2ddc
_cBK
999 _c171467
_d171467